000 00558nam a2200193Ia 4500
001 12937
003 GE_BSU
008 181216s||||||||xx |||||||||||||| ||und||
040 _cGE_BSU
245 _aВопросы философии, №10. 2014.
245 _cГл.ред.Пружинин Борис Исаевич и др.
260 _aМосква
260 _c2014
300 _a192стр.24см.
653 _aВопросы философии, №10. 2014.
653 _aПериодика
653 _aპერიოდიკა
942 _cCR
999 _c46106
_d46106